The C programming language (Record no. 5955)
[ view plain ]
| 000 -LEADER | |
|---|---|
| fixed length control field | 00638nam a22002417a 4500 |
| 003 - CONTROL NUMBER IDENTIFIER | |
| control field | OSt |
| 005 - DATE AND TIME OF LATEST TRANSACTION | |
| control field | 20220107122836.0 |
| 008 - FIXED-LENGTH DATA ELEMENTS--GENERAL INFORMATION | |
| fixed length control field | 171221b xxu||||| |||| 00| 0 eng d |
| 020 ## - INTERNATIONAL STANDARD BOOK NUMBER | |
| International Standard Book Number | 9789332549449 |
| 040 ## - CATALOGING SOURCE | |
| Transcribing agency | IIITMK |
| 082 ## - DEWEY DECIMAL CLASSIFICATION NUMBER | |
| Classification number | 005.133C KER/C |
| 100 ## - MAIN ENTRY--PERSONAL NAME | |
| Personal name | Kernighan, Brian W. |
| 9 (RLIN) | 13552 |
| 245 ## - TITLE STATEMENT | |
| Title | The C programming language |
| 250 ## - EDITION STATEMENT | |
| Edition statement | 2 |
| 260 ## - PUBLICATION, DISTRIBUTION, ETC. | |
| Place of publication, distribution, etc. | Noida, |
| Name of publisher, distributor, etc. | Pearson, |
| Date of publication, distribution, etc. | 2017. |
| 300 ## - PHYSICAL DESCRIPTION | |
| Extent | xii, 272p. |
| 650 ## - SUBJECT ADDED ENTRY--TOPICAL TERM | |
| Topical term or geographic name entry element | COMPUTER SCIENCE |
| 9 (RLIN) | 13553 |
| 650 ## - SUBJECT ADDED ENTRY--TOPICAL TERM | |
| Topical term or geographic name entry element | COMPUTER PROGRAMMING |
| 9 (RLIN) | 13554 |
| 650 ## - SUBJECT ADDED ENTRY--TOPICAL TERM | |
| Topical term or geographic name entry element | PROGRAMMING LANGAUGE |
| 9 (RLIN) | 13555 |
| 650 ## - SUBJECT ADDED ENTRY--TOPICAL TERM | |
| Topical term or geographic name entry element | C PROGRAMMING |
| 9 (RLIN) | 13556 |
| 700 ## - ADDED ENTRY--PERSONAL NAME | |
| Personal name | Ritchie, Dennis M. |
| 9 (RLIN) | 13557 |
| 942 ## - ADDED ENTRY ELEMENTS (KOHA) | |
| Source of classification or shelving scheme | Dewey Decimal Classification |
| Koha item type | Books |
| Withdrawn status | Lost status | Source of classification or shelving scheme | Damaged status | Not for loan | Collection code | Home library | Current library | Shelving location | Date acquired | Cost, normal purchase price | Total Checkouts | Full call number | Barcode | Date last seen | Date last checked out | Price effective from | Koha item type |
|---|---|---|---|---|---|---|---|---|---|---|---|---|---|---|---|---|---|
| Dewey Decimal Classification | Kerala University of Digital Sciences, Innovation and Technology Knowledge Centre | Kerala University of Digital Sciences, Innovation and Technology Knowledge Centre | Computer Science | 21/12/2017 | 262.00 | 5 | 005.133C KER/C | 5057 | 03/06/2024 | 25/01/2024 | 21/12/2017 | Books | |||||
| Dewey Decimal Classification | Kerala University of Digital Sciences, Innovation and Technology Knowledge Centre | Kerala University of Digital Sciences, Innovation and Technology Knowledge Centre | Computer Science | 21/12/2017 | 262.00 | 2 | 005.133C KER/C;1 | 5058 | 03/12/2020 | 21/11/2019 | 21/12/2017 | Books | |||||
| Dewey Decimal Classification | Kerala University of Digital Sciences, Innovation and Technology Knowledge Centre | Kerala University of Digital Sciences, Innovation and Technology Knowledge Centre | Computer Science | 21/12/2017 | 262.00 | 3 | 005.133C KER/C;2 | 5059 | 03/12/2020 | 11/11/2019 | 21/12/2017 | Books | |||||
| Dewey Decimal Classification | Kerala University of Digital Sciences, Innovation and Technology Knowledge Centre | Kerala University of Digital Sciences, Innovation and Technology Knowledge Centre | Computer Science | 21/12/2017 | 262.00 | 5 | 005.133C KER/C;3 | 5060 | 03/12/2020 | 11/11/2019 | 21/12/2017 | Books | |||||
| Dewey Decimal Classification | Kerala University of Digital Sciences, Innovation and Technology Knowledge Centre | Kerala University of Digital Sciences, Innovation and Technology Knowledge Centre | Computer Science | 21/12/2017 | 262.00 | 2 | 005.133C KER/C;4 | 5061 | 03/12/2020 | 11/11/2019 | 21/12/2017 | Books |